| 000 | 00354 a2200157 4500 | ||
|---|---|---|---|
| 001 | 193156 | ||
| 020 | _a978-85-7160-649-4 | ||
| 040 | _cMagnum | ||
| 100 | _aCoelho,ronaldo Simoes | ||
| 240 | 1 | 0 |
_aCinderela e chico rei _lpor |
| 245 | 1 | 0 | _aCinderela e chico rei |
| 300 | _a24 | ||
| 362 | 0 | _a2015 | |
| 697 | _aLITERATURA INFANTO-JUVENIL | ||
| 942 | _cBK | ||
| 999 |
_c193156 _d193156 |
||